00906cam a2200229Mi 450000500170000000800410001702000180005803500570007604000500013304100080018306000110019110000300020224501060023226000670033830000250040549000670043050400410049761000280053865000490056665000460061565000150066120180313054547.0151110s2015 xxu fr 001 0 eng d a9781848935679 a(OCoLC)910973238z(OCoLC)910502382z(OCoLC)914226183 aCO-BoUCMbspacSandra PalaciodSandra Palacio0 aeng aWA 1001 aBarona Vilar, Josep Lluis14aThe Rockefeller Foundation, public health and international diplomacy, 1920-1945cPor Josep L. Barona aBrookfield (Vermont, Estados Unidos)bPickering & Chattoc2015 axviii, 200 páginas1 aStudies for the Society for the Social History of Medicinex24 aIncluye referencias bibliográficas20aFundación Rockefeller 0aSalud pública zEuropaxHistoriaySiglo XX 7aCiencia política xPolítica pública 7aEpidemias